Quiz o Augusto Pinochecie - Statystyki

Ogólne statystyki
  • Ten quiz został rozwiązany 9 razy
  • Średni wynik to 8 z 17
Statystyki odpowiedzi
Wskazówka Odpowiedź % Poprawnych
Augusto Pinochet miał poglądy.... Prawicowe (liberalne)
100%
Rok odbycia się plebiscytu, przez którego oddał władzę 1988
83%
Rok, w którym ostatecznie oddał władzę nowemu prezydentowi 1990
83%
Nazwisko lewicowego prezydenta, którego obalił Pinochet Salvador Allende
83%
Miasto, w którym zmarł Santiago
83%
Posiadał ten stopień wojskowy Generał
67%
Data śmierci Pinocheta 10 grudnia 2006
50%
Data zamachu stanu, kiedy Pinochet obalił owego prezydenta 11 września 1973
50%
Miasto, w którym został aresztowany w 1998 r. Londyn
50%
Wprowadził liberalne reformy w takim stylu Szkoła chicagowska
50%
Miasto, w którym się urodził Valparaiso
33%
Data urodzin Pinocheta 25 listopada 1915
17%
Pełne imię i nazwisko (podpowiedź - 5 członów) Augusto José Ramón Pinochet Ugarte
17%
Pierwszy prezydent po Pinochecie Patricio Aylwin
17%
Tyle szacunkowo ludzi zginęło za jego rządów (w tys.) 2000
0%
Skrót tajnej policji politycznej, utworzonej za rządów Pinocheta DINA
0%
Imię i nazwisko jego żony Lucía Hiriart
0%
Nie znaleziono quizów pasujących do podanych kryteriów
Rozkład punktacji
Procent ludzi z każdym wynikiem
Percentyl według liczby udzielonych odpowiedzi
Twoja historia wyników
Nie rozwiązałeś tego quizu